00564nam a2200193Ia 4500008004100000020001800041082002000059100001900079245004600098250000600144260002900150300001000179500002400189650001000213700002300223942000700246952010000253999001700353230524s9999 xx 000 0 und d a9788126528035 a624.183412bLIN aT.Y.Lin941500 0aDesign of Prestressed Concrete Structures a3 aNew DelhibJ.Wileyc2010 a643p; aQuantity Number: 1 aCivil aNed H.Burns941501 cBK 00104070aTATCLbTATCLcGENd2023-05-24l0o624.183412 LINp52984r2023-05-24w2023-05-24yBK c55767d55767